The significance of the church / (Record no. 6628)

MARC details
000 -LEADER
fixed length control field 00720cam a22002531 4500
001 - CONTROL NUMBER
control field 10272616
003 - CONTROL NUMBER IDENTIFIER
control field GBCCL
005 - DATE AND TIME OF LATEST TRANSACTION
control field 20241126110607.0
008 - FIXED-LENGTH DATA ELEMENTS--GENERAL INFORMATION
fixed length control field 730206s1956 pau 000 0 eng
010 ## -
-- 56006172
035 ## - SYSTEM CONTROL NUMBER
System control number (OCoLC)552643
040 ## - CATALOGING SOURCE
Original cataloging agency DLC
Transcribing agency OYU
Modifying agency OCoLC
-- DLC
042 ## -
-- premarc
050 00 -
-- BV600
-- .B852
082 ## - DEWEY DECIMAL CLASSIFICATION NUMBER
Classification number 262
Item number BRO
100 1# - MAIN ENTRY--PERSONAL NAME
Personal name Brown, Robert McAfee,
Dates associated with a name 1920-2001.
9 (RLIN) 4039
245 14 - TITLE STATEMENT
Title The significance of the church /
Statement of responsibility, etc. Robert McAfee Brown
260 ## - PUBLICATION, DISTRIBUTION, ETC.
Place of publication, distribution, etc. Philadelphia:
Name of publisher, distributor, etc. Westminster Press,
Date of publication, distribution, etc. [1956]
300 ## - PHYSICAL DESCRIPTION
Extent 96 p.
Dimensions 19 cm.
490 0# - SERIES STATEMENT
Series statement Layman's theological library
650 #0 - SUBJECT ADDED ENTRY--TOPICAL TERM
Topical term or geographic name entry element Church.
9 (RLIN) 263
906 ## - LOCAL DATA ELEMENT F, LDF (RLIN)
a 7
b cbc
c oclcrpl
d u
e ncip
f 19
g y-gencatlg
942 ## - ADDED ENTRY ELEMENTS (KOHA)
Source of classification or shelving scheme Dewey Decimal Classification
Koha item type Books
Koha issues (borrowed), all copies 1
Holdings
Withdrawn status Lost status Source of classification or shelving scheme Damaged status Not for loan Home library Current Library Shelving location Date acquired Total checkouts Full call number Barcode Date last seen Date last checked out Copy number Price effective from Koha item type
    Dewey Decimal Classification     GRACE BIBLE COLLEGE GRACE BIBLE COLLEGE Ministry & Mission 2018-05-21 1 262 BRO 001232 2025-05-01 2021-03-29 c.1 2018-05-21 Books
© Grace Bible College Library 2025